Service and regulatory announcements, Bureau of Animal Industry, Nov. 1943.

Bibliographic Details
Corporate Author: United States. Bureau of Animal Industry
Format: Government Document eBook
Language:English
Published: [Washington] : [s.n.], 1943.
Subjects:
Online Access:Electronic resource (PDF)

MARC

Tag First Indicator Second Indicator Subfields
LEADER 00000cam a22000001i 4500
001 in00003959613
006 m d f
007 cr bn mmmapmmp
008 431006s1943 dcu o f000 0 eng d
005 20250211001543.0
035 |a ebd1943006245 
040 |a UMI  |c UMI  |e rda  |d UtOrBLW 
086 0 |a A 77.208:439 
099 |a A77.208..439 
110 1 |a United States.  |b Bureau of Animal Industry.  |0 http://id.loc.gov/authorities/names/n82020789 
245 1 0 |a Service and regulatory announcements, Bureau of Animal Industry, Nov. 1943. 
264 1 |a [Washington] :  |b [s.n.],  |c 1943. 
300 |a 1 online resource (4 pages), digital, PDF file 
336 |a text  |b txt  |2 rdacontent 
337 |a computer  |b c  |2 rdamedia 
338 |a online resource  |b cr  |2 rdacarrier 
533 |a Electronic reproduction.  |b [Bethesda, Md.] :  |c ProQuest,  |d 2017  |e digital, PDF file.  |n ProQuest U.S. Executive Branch Documents  |n Mode of access: World Wide Web via ProQuest website. 
588 |a Record is based on online resource; title from PDF title page (ProQuest, last viewed Jan. 2017). Reuse except for individual research requires license from ProQuest, LLC. 
650 0 |a Animal industry  |x Law and legislation.  |0 http://id.loc.gov/authorities/subjects/sh85005201 
650 0 |a Agricultural laws and legislation.  |0 http://id.loc.gov/authorities/subjects/sh85002349 
856 4 0 |u http://proxy.library.tamu.edu/login?url=http://congressional.proquest.com/congressional/docview/t66.d71.a77.208..439?  |y Electronic resource (PDF)  |t 0 
999 f f |s f0307a37-bfdc-34a2-b71a-d7f4298cad34  |i 419bb8ad-2550-3f29-bdfd-29b736cdc99d  |t 0 
952 f f |a Texas A&M University  |b College Station  |c Electronic Resources  |d Available Online  |t 0  |h No information provided 
998 f f |t 0  |l Available Online